Biggest Countries in Europe #2 - Statistics

General Stats
  • This quiz has been taken 31 times
    12 since last reset
  • The average score is 18 of 19
Answer Stats
Area in km2 Answer % Correct
83,853 Austria
100%
338,145 Finland
100%
551,394 France
100%
357,168 Germany
100%
93,030 Hungary
100%
301,318 Italy
100%
385,178 Norway
100%
3,972,400 Russia
100%
498,468 Spain
100%
603,628 Ukraine
100%
244,820 United Kingdom
100%
110,994 Bulgaria
91%
131,940 Greece
91%
91,568 Portugal
91%
238,392 Romania
91%
449,464 Sweden
91%
102,775 Iceland
82%
312,685 Poland
82%
207,600 Belarus
64%
No matching quizzes found
Score Distribution
Percent of People with Each Score
Percentile by Number Answered
Your Score History
You have not taken this quiz since the last reset